الحداث (1890 - 1930) / (Record no. 40102)
[ view plain ]
| 000 -الفاتح | |
|---|---|
| حقل البيانات ثابتة الطول | 00537nam a2200193Ia 4500 |
| 005 - وقت وتاريخ اخر تعامل مع التسجيلة | |
| رقم الضبط | 20240530103516.0 |
| 008 - عناصر البيانات ثابتة الطول - معلومات عامة | |
| حقل البيانات ثابتة الطول | 140319s9999 xx 000 0 ara d |
| 040 ## - مصدر الفهرسة | |
| وكالة الفهرسة الأصلية | GCL / |
| وكالة النسخ | GCL |
| 082 04 - رقم تصنيف ديوى العشرى | |
| رقم التصنيف | 810.5 |
| رقم المادة | ب ح |
| 100 1# - المدخل الرئيسى - إسم شخصى | |
| الإسم الشخصى | برادبرى، مالكم |
| 245 10 - بيان العنوان | |
| العنوان | الحداث (1890 - 1930) / |
| بيان المسئوليه,etc | مالكم برادبرى |
| 300 ## - الوصف المادى | |
| التعداد | 302 ص |
| 650 04 - المدخل الاضافى بالموضوع-مصطلح موضوعى | |
| مصطلح موضوعي | الحداثة |
| 650 04 - المدخل الاضافى بالموضوع-مصطلح موضوعى | |
| مصطلح موضوعي | الحركات الادبية |
| 700 1# - المدخل الاضافى - اسم شخصى | |
| الإسم الشخصى | ماكفارلن , جيمس |
| 700 1# - المدخل الاضافى - اسم شخصى | |
| الإسم الشخصى | مؤيد حسن فوزى |
| 942 ## - عناصر المدخل الإضافي( كوها) | |
| مصدر التصنيف او مخطط الترفيف | Dewey Decimal Classification |
| Koha [default] item type | كتاب |
| حالة التراجع | حالة الفقد | حالة تلف | ليس للاعارة | المكان المؤقت | الموقع الحالى | تاريخ الاكتساب | اجمالي اﻻعارات | رقم الطلب | الباركود | تاريخ اخر مشاهدة | تاريخ تفعيل السعر | نوع وعاء كوها |
|---|---|---|---|---|---|---|---|---|---|---|---|---|
| مكتبة القاهرة الكبرى | مكتبة القاهرة الكبرى | 03/26/2014 | 810.5\ب ح | 97489 | 03/26/2014 | 03/26/2014 | كتاب |

